MDQL
is popping MORE tags! Check the
thread
!
Quizzes
Events
Quiz Creation
Community
Videos
Private Events
Remove Ads
Sign In
Join for FREE
Feedback
Dark Mode
Quiz Categories
Sports
Geography
Music
Movies
Television
Just For Fun
Miscellaneous
History
Literature
Language
Science
Gaming
Entertainment
Religion
Holiday
For Kids
Quiz Lab
Recent
Popular Today
Quiz Kudos Today
Editor Picks
Curator Picks
Quizzes by...
Day
Popularity
Type
Ratings
Length
Year
Community
Subscriptions
Recent Discussions
Orange Saloon
Badges
Playlists
Quests
Create
Leaderboards
Showdown
Live 5
Trivia Bingo
Activity
Puzzle Library
Sporcle Events
Private Events
Virtual Trivia
Globe League
Become a Host
Pub Owners
SporcleCon
Opinionation
Our Games
Videos
Blog
Mobile Apps
Partnerships
Remove Ads and Go Orange
Feedback
Sports
Athletes
MLB
NBA
NHL
NFL
Soccer
Sports Teams
WWE
NCAA
Football
Premier League
Basketball
Baseball
Hockey
Golf
Tennis
Cricket
Rugby
Auto Racing
Olympics
World Cup
Sports
Athletes
MLB
NBA
NHL
NFL
Soccer
Sports Teams
WWE
NCAA
Football
Premier League
Basketball
Baseball
Hockey
Golf
Tennis
Cricket
Rugby
Auto Racing
Olympics
World Cup
Random Quiz
Search Sporcle
×
Editor Pick
Editor Pick
Sports
NHL
Type in answers that appear in a list
Type in answers that appear in a list
Classic
Best Score? Go Orange.
NHL Trivia Stats
Can you name the answers to these NHL trivia questions before time runs out?
By
lhm
7m
21 Questions
12.7K Plays
12,670 Plays
12,670 Plays
Comments
Comments
Give Quiz Kudos
Give Quiz Kudos
-
- Ratings
hide this ad
More Info
Forced Order
Answers have to be entered in order
Answers have to be entered in order
Replay
Link that replays current quiz
Next Quiz
Link to next quiz in quiz playlist
You Got
0%
They Got
Avg Score
70%
Avg Friend Score
Upgrade to see
Score Distribution
Jump to the score distribution portion of the page
Score
0/21
Timer
07:00
0
Plays Today
Can you name a player who...
Answers
% Correct
Scored 70+ goals in a season, other than Gretzky?
Brett Hull, Mario Lemieux, Phil Esposito, Alexander Mogilny, Teemu Selanne, Jari Kurri, Bernie Nicholls
91.9%
Shot the puck and scored a goal, as a goalie?
Ron Hextall, Chris Osgood, Martin Brodeur, Jose Theodore, Evgeni Nabokov, Mike Smith, Pekka Rinne
86.8%
Was a #1 overall draft pick, European players only?
Mats Sundin, Roman Hamrlik, Patrick Stefan, Ilya Kovalchuk, Alexander Ovechkin, Nail Yakupov, Nico Hischier, Rasmus Dahlin
82.9%
Has over 1100 career assists, other than Gretzky?
Ron Francis, Mark Messier, Ray Bourque, Jaromir Jagr, Joe Thornton, Paul Coffey
80.3%
Has over 80 career shutouts, other than Brodeur?
Terry Sawchuk, George Hainsworth, Glenn Hall, Jacques Plante, Tiny Thompson, Alex Connell, Dominik Hasek
79.9%
Has played over 1600 career games as a defenceman?
Chris Chelios, Scott Stevens, Larry Murphy, Ray Bourque, Zdeno Chara
76.7%
Has over 500 career goals, American-
born players only?
Mike Modano, Keith Tkachuk, Jeremy Roenick, Joe Mullen
76.3%
Has over 1000 career points, Finnish-
born players only?
Jari Kurri, Teemu Selanne
76.3%
Has over 3200 career penalty minutes?
Dave 'Tiger' Williams, Dale Hunter, Tie Domi, Marty McSorley, Bob Probert, Rob Ray
74.2%
Has 180 or more career playoff points, but never played for the Oilers?
Brett Hull, Joe Sakic, Doug Gilmour, Steven Yzerman, Brian Trottier, Jaromir Jagr, Ray Bourque, Nicklas Lidstrom, Sidney Crosby, Evgeni Malkin
72.9%
Scored 5 goals in one playoff game?
Newsy Lalonde, Maurice Richard, Darryl Sittler, Reggie Leach, Mario Lemieux
72.4%
Can you name a player who...
Answers
% Correct
Was the First Team All-
Star goaltender 5 or more times?
Glenn Hall, Dominik Hasek, Bill Durnan, Ken Dryden
69.6%
Has won the Stanley Cup and an Olympic Gold Medal in the same year?
Ken Morrow, Brendan Shanahan, Steve Yzerman, Duncan Keith, Brent Seabrook, Jonathan Toews, Jeff Carter, Drew Doughty
68.8%
Has over 1000 career points but more goals than assists?
Dino Ciccarelli, Bobby Hull, Brett Hull, Mike Gartner, Mike Bossy, Joe Nieuwendyk, Keith Tkachuk, Alex Ovechkin
68.4%
Won the Conn Smythe Trophy on a non Cup-
winning team?
Roger Crozier, Glenn Hall, Reggie Leach, Ron Hextall, Jean-Sebastien Giguere
67.4%
Has won the Frank J. Selke Trophy 3 or more times?
Bob Gainey, Guy Carbonneau, Jere Lehtinen, Pavel Datsyuk, Patrice Bergeron
64.1%
Had 60 or more assists in their rookie season?
Peter Stastny, Joe Juneau, Bryan Trottier, Sidney Crosby, Sergei Makarov, Neal Broten, Larry Murphy, Mathew Barzal
60.1%
Scored 90+ points as a rookie without winning the Calder Trophy?
Sidney Crosby, Joe Juneau, Neal Broten, Barry Pederson
59.8%
Scored 18 or more goals in one season's playoffs?
Reggie Leach, Jari Kurri, Joe Sakic
55.5%
Won the Conn Smythe Trophy with less than 20 points, excluding goalies?
Jean Beliveau, Dave Keon, Serge Savard, Claude Lemieux, Scott Stevens, Nicklas Lidstrom, Scott Niedermayer, Sidney Crosby, Patrick Kane
50.6%
Won the Calder and Vezina trophies in the same season?
Ed Belfour, Tom Barrasso, Tony Esposito, Frank Brimsek
44.3%
Quiz Playlist
Details
Report
Send in Message
Add To Playlist
More Info:
Last updated June 2022. Multiple websites were used as sources. NHL Trivia II can be found here: https://www.sporcle.com/games/lhm/nhltrivia2
Classic:
Type in answers that appear in a list
Forced Order:
Answers have to be entered in order
Last Updated: Jun 15, 2022
Editor Pick in
Sports
Quiz Scoreboard
CHALLENGE
Sign Up to Join the Scoreboard
Show All
Scores
Hide
Comments
May contain spoilers
Recently Published
Holiday 10x10 Sorting Gallery
by lukepisani3
Holiday
15m
Two Season TV Shows II
by 123Four
Television
10m
Image Sorting: Flags VI
by Barbecue
Geography
2m
More to Explore
Quiz From the Vault
Featured Blog Post
14 Easter Pick-up Lines to Find Eggs With
hide this ad
You Might Also Like...
Tags
Grab Bag Quiz
Hockey Quiz
NHL Quiz
Stanley Cup
Today's Top Quizzes in Sports
Browse Sports
hide this ad
Today's Top Quizzes in NHL
Browse NHL
Top Contributed Quizzes in Sports
1
Les meilleurs buteurs des matchs entre le PSG et l’OM
2
Les entraîneurs de l'OM et du PSG au 21e siècle
3
2022 World Cup Stars
4
Les joueurs passés par le PSG et l'OM
5
Players with Multiple 50 Home Run Seasons
6
FIFA Club World Cup Champions
7
Top 10 NHL Goal Scorers of All Time
8
Les joueurs passés par le LOSC et le RC Lens
9
Criteria MLB: Left Handed Sluggers
10
2023 MLB Unique Player Accomplishments
Explore More
Trending Topics
Disney
NBA
Kpop
Harry Potter
Anime
Marvel
Crossword
Soccer
Song
Country
NFL
Puzzle
The Office
WWE
Pokémon
hide this ad
More By:
lhm
Quiz
Plays
Rating
Category
Featured
Created
NHL Trivia
12,670
4.62
Sports
Nov 21, 2010
NCAA FBS Conference Champions since '96
3,606
4.33
Sports
Nov 22, 2010
Canadian Male Athlete of the Year
1,587
4.56
Sports
Nov 10, 2010
SI's All-Decade NCAA Football Team (2000s)
852
5.00
Sports
Nov 15, 2010
NHL All-Decade Team (2000s)
756
4.33
Sports
Nov 17, 2010
Go to Creator's Profile
Score Distribution
Quiz Creator Spotlight
lhm
Follow
Send a Message
Quizzes Created
-
Created Quiz Play Count
-
More By This Creator
Popular Quizzes Today
1
Find the US States - No Outlines Minefield
2
Colored Red Africa Blitz
3
Find the 'City' Movie
4
The Countries of the World
5
5x2 Blitz: Bands
6
Find the Countries of Europe - No Outlines Minefield
7
Find the US States
8
US States
More Sports Quizzes
Champions League XIs: Real Madrid
Published
Trending Quizzes
Colored Red Europe Blitz I
Colored Red Europe Blitz II
Colored Red Africa Blitz II
Even More Two Season TV Shows
Colored Red Africa Blitz III
Recently Updated
Odd Team Out - Big 4 Players
pecheneg
Quick Pick: 20 Twenties
pecheneg
March Madness Men's Triple Doubles
pecheneg
How Do You Spell That?
pecheneg
Godzilla Movies
pecheneg
Grab Bag: 4-10 Letters
pecheneg
2024 March Madness Bracket
pecheneg
Famous TV Couples
Peacemaker
Champions League XIs: Real Madrid
pecheneg
Largest US Cities 1790-2010
pecheneg
Trending Topics
Kpop
Disney
Marvel
Harry Potter
NBA
Crossword
Anime
Puzzle
The Office
Song
WWE
Pokémon
NFL
Country
Soccer
Your Account Isn't Verified!
In order to create a playlist on Sporcle, you need to verify the email address you used during registration. Go to your
Sporcle Settings
to finish the process.
Report this User
Report this user for behavior that violates our
Community Guidelines
.
Details:
Send Report
Go to the Sporcle.com Mobile Site →
Comments